Library Banner

Jadeed zehan kay shubhaat aur Islam ka jawab/ (Record no. 100940)

MARC details
000 -LEADER
fixed length control field 00391nam a22001457a 4500
005 - DATE AND TIME OF LATEST TRANSACTION
control field 20171221113109.0
008 - FIXED-LENGTH DATA ELEMENTS--GENERAL INFORMATION
fixed length control field 171221b xxu||||| |||| 00| 0 eng d
040 ## - CATALOGING SOURCE
Transcribing agency PK-LaUMT
082 ## - DEWEY DECIMAL CLASSIFICATION NUMBER
Classification number ZIAC 297.076
Item number FAR-J
100 ## - MAIN ENTRY--PERSONAL NAME
Personal name Faruq , Muhammad
245 ## - TITLE STATEMENT
Title Jadeed zehan kay shubhaat aur Islam ka jawab/
Statement of responsibility, etc Muhammad Faruq
260 ## - PUBLICATION, DISTRIBUTION, ETC. (IMPRINT)
Place of publication, distribution, etc پشاور:
Name of publisher, distributor, etc [ ]
Date of publication, distribution, etc [ ]
300 ## - PHYSICAL DESCRIPTION
Extent 134 ص
942 ## - ADDED ENTRY ELEMENTS (KOHA)
Koha item type Books
Holdings
Withdrawn status Lost status Damaged status Home library Current library Date acquired Full call number Barcode Date last seen Price effective from Koha item type
      UMT Main Campus UMT Main Campus 2017-12-21 ZIAC 297.076 FAR-J 113190 2017-12-21 2017-12-21 Books